| 000 | 00576cam a2200205Ma 4500 | ||
|---|---|---|---|
| 001 | 40862 | ||
| 005 | 20230410101740.0 | ||
| 008 | 861223s1985 sz a 000 0 fre d | ||
| 020 | _z2263009973 | ||
| 050 | 1 | 4 |
_a110 TR 1 _bB773h 1985 |
| 100 | 1 | _aBourguignon, André. | |
| 245 | 1 | 0 |
_aHaíti / _ctextes de André Bourguignon. |
| 260 |
_aGenévé : _bEditions Minerva, _c1985. |
||
| 300 |
_a[30] p. : _bchiefly col. ill. ; _c33 cm. |
||
| 650 | 4 | _aCEH | |
| 650 | 4 | _aColección Estudios Haitianos | |
| 651 | 0 |
_aHaiti _vPictorial works. |
|
| 942 |
_2lcc _cbk |
||
| 994 |
_aC0 _bDRFGD |
||
| 999 |
_c13340 _d13340 |
||